01389nam a2200289 a 4500001001000000005001700010008004100027041000800068044000800076084002000084100004500104245010900149260004100258300002200299500019700321500010200518500012700620500001000747546002400757650005200781650005600833650003400889650004500923700003900968700004201007740005001049BRCA_327120190320204210.0130309s1840----enka---###---#000-0#eng-# aeng aenk a572b.T46c18401 aCervantes Saavedra, Miguel ded1547-161610aDon Quixote de la ManchacTranslated from the Spanish of Miguel de Cervantes Saavedra by Charles Jarvis. aLondresbJoseph Thomas and Co.c1840 a3 v.bil.c26 cm. aContenido : v.1. Primera parte. Noticia sobre Cervantes y su obra, basada en la escrita por L. Viardot. Prólogo del autor. -- v.2. Texto. Segunda parte. Prólogo de Cervantes. -- v.3. Texto aEdición : Carefully Revised and Corrected with 800 Illustrations from Desingns by Tony Johannot aReimpresión de la edición descrita en el número anterior [571]. Tela; lomeras decoradas con dorados Lúdovik Osterc aQM830 aTexto en : inglés14aNovela españolayÉpoca clásica, 1500-170014aLiteratura españolayÉpoca clásica, 1500-170014aNovela españolaySiglo XVII14aDon Quijote (Personaje ficticio)eNovela1 aJarvis, Charlesd?-1739eTraductor1 aJohannot, Tonyd1803-1852eIlustrador0 aEl Ingenioso Hidalgo Don Quijote de la Mancha